Statistics for Red's Parole Hearing Monologue

Click here to take the quiz!

General Stats

  • This quiz has been taken 8 times
  • The average score is 126 of 174

Answer Stats

Answer% Correct
do
100%
feel
100%
I
100%
it
100%
me
100%
means,
100%
means.
100%
that.
100%
That
100%
that
100%
to
100%
To
100%
You
100%
you
100%
your
100%
A
80%
a
80%
Am
80%
but
80%
don't
80%
go
80%
i'm
80%
in
80%
it's
80%
It's
80%
know
80%
know?
80%
on
80%
Rehabilitated?
80%
the
80%
then,
80%
think
80%
What
80%
what
80%
who
80%
word
80%
word.
80%
word,
80%
all
60%
and
60%
any
60%
are...
60%
back
60%
because
60%
Because
60%
bullshit
60%
by
60%
can
60%
can't.
60%
committed
60%
crime.
60%
day
60%
did?
60%
fellas
60%
for
60%
give
60%
goes
60%
gone,
60%
have
60%
here,
60%
him
60%
him.
60%
him,
60%
idea
60%
is
60%
job.
60%
just
60%
kid
60%
kid's
60%
left.
60%
let
60%
like
60%
live
60%
long
60%
look
60%
made
60%
man
60%
my
60%
Not
60%
not
60%
old
60%
politicians
60%
really
60%
regret.
60%
see...
60%
sense
60%
shit.
60%
should.
60%
so
60%
So
60%
some
60%
sonny,
60%
sonny.
60%
sorry
60%
stamp
60%
stop
60%
stupid
60%
suit
60%
talk
60%
tell
60%
terrible
60%
that's
60%
things
60%
this
60%
tie
60%
time.
60%
truth,
60%
try
60%
up
60%
want
60%
was
60%
wasting
60%
way
60%
wear
60%
Well
60%
with
60%
young
60%
yourself
60%
gotta
40%
now
40%
There's
40%
wanna
40%
forum
0%

Score Distribution

Percentile by Number Answered

Percent of People with Each Score

Your Score History

You have not taken this quiz